BCIS Occupancy cost report: hotels (Record no. 115934)

MARC details
000 -LEADER
fixed length control field 01274cam a22002655a 4500
001 - CONTROL NUMBER
control field L159474
008 - FIXED-LENGTH DATA ELEMENTS--GENERAL INFORMATION
fixed length control field 130116s2017 xxkad f 000 0 eng d
020 ## - INTERNATIONAL STANDARD BOOK NUMBER
International Standard Book Number 9781907196546
035 ## - SYSTEM CONTROL NUMBER
System control number (Sirsi) u159474
041 0# - LANGUAGE CODE
Language code of text/sound track or separate title eng
050 04 - LIBRARY OF CONGRESS CALL NUMBER
Classification number 690.24 $2 18
110 2# - MAIN ENTRY--CORPORATE NAME
Corporate name or jurisdiction name as entry element Building Cost Information Service
9 (RLIN) 1096
245 00 - TITLE STATEMENT
Title BCIS Occupancy cost report: hotels
Remainder of title Maintenance & operating costs
260 ## - PUBLICATION, DISTRIBUTION, ETC.
Place of publication, distribution, etc. London
Name of publisher, distributor, etc. BCIS
Date of publication, distribution, etc. 2017
300 ## - PHYSICAL DESCRIPTION
Extent 76p.
Dimensions 30cm.
490 #0 - SERIES STATEMENT
Series statement BCIS Special Report
520 ## - SUMMARY, ETC.
Summary, etc. Provides current occupancy benchmarks for two different hotel buildings. It shows the projected annual occupancy costs for two projects, which should provide a strategic benchmark for similar buildings. The data is backed up with projected annual expenditure charts and detailed estimates for individual elements and components. This report shows how through the receipt of the Health and Safety file, which is required by the CDM Regulations, or following a condition survey on an existing building, a building manager can plan for future occupancy costs.
521 ## - TARGET AUDIENCE NOTE
Target audience note Advanced
650 ## - SUBJECT ADDED ENTRY--TOPICAL TERM
Topical term or geographic name entry element HOTELS
651 #4 - SUBJECT ADDED ENTRY--GEOGRAPHIC NAME
Geographic name United Kingdom
Chronological subdivision
690 ## - LOCAL SUBJECT ADDED ENTRY--TOPICAL TERM (OCLC, RLIN)
Topical term or geographic name as entry element Commercial property
9 (RLIN) 6227
690 ## - LOCAL SUBJECT ADDED ENTRY--TOPICAL TERM (OCLC, RLIN)
Topical term or geographic name as entry element Facilities management
9 (RLIN) 6240
690 ## - LOCAL SUBJECT ADDED ENTRY--TOPICAL TERM (OCLC, RLIN)
Topical term or geographic name as entry element Cost management
9 (RLIN) 6233
942 ## - ADDED ENTRY ELEMENTS (KOHA)
Suppress in OPAC 0
Holdings
Withdrawn status Lost status Source of classification or shelving scheme Damaged status Not for loan Home library Current library Shelving location Date acquired Total Checkouts Full call number Barcode Date last seen Copy number Price effective from Koha item type
    Dewey Decimal Classification     London London BCIS/BMI publications 28/07/2017   ENQUIRY DESK 30078604 06/08/2019 1 06/08/2019 Book
    Dewey Decimal Classification     London London BCIS/BMI publications 28/07/2017   ENQUIRY DESK 159474-1002 06/08/2019 2 06/08/2019 Book
    Dewey Decimal Classification     London London BCIS/BMI publications 28/07/2017   ENQUIRY DESK 159474-1003 06/08/2019 3 06/08/2019 Book